| 000 | 00798nas a2200253 4500 | ||
|---|---|---|---|
| 001 | BR7601315 | ||
| 003 | BR-BrBNA | ||
| 005 | 20231205082931.0 | ||
| 007 | ta | ||
| 008 | 230509b bl.|||p| |||| 00| 00por d | ||
| 040 |
_aBR-BrBNA _bpor _cBiblioteca Nacional de Agricultura |
||
| 041 | _a(Pt) | ||
| 072 | _aH10 | ||
| 100 | 1 | _aTarrago, M.F.S. | |
| 100 | 1 | _aCarvalho, S. | |
| 100 | 1 | _aLink, D. | |
| 245 | 1 | _aLevantamento da familia noctuidae atraves de armadilhas luminosas, em Santa Maria, Rio Grande do Sul [Inseto; Brasil] | |
| 650 | _aINSETO | ||
| 650 | _aCAPTURA | ||
| 650 | _aARMADILHA LUMINOSA | ||
| 773 | 0 |
_tRevista do Centro de Ciencias Rurais (Brazil) _xISSN 0085-5901 _g(Jun 1975), v. 5(2) p. 125-130 _wBR7601315 |
|
| 909 |
_a202311 _bLúcia _c55 _dLúcia Elande |
||
| 942 |
_2AGRIS _n0 _cANA |
||
| 999 |
_c95201 _d95201 |
||